Paroles - L'avalanche - Saïf - Statistiques

Statistiques générales
  • Ce quiz a été pris 71 fois
  • Le résultat moyen est 133 sur 318
Statistiques - réponses
Hint Réponse % Correct
à
89%
a
89%
la
87%
La
87%
l'a
87%
le
87%
Le
87%
ma
85%
sa
85%
en
80%
y
80%
C
78%
des
76%
Il
76%
il
76%
salope
76%
est
74%
les
74%
me
72%
mort
72%
Y'a
72%
y'a
72%
fou
70%
potos
70%
qui
70%
un
70%
entre
67%
salopes
67%
et
65%
grosses
65%
l'appel
65%
manquent
65%
pour
65%
baisé
63%
baise
63%
morts
63%
pute
63%
donc
59%
du
57%
enfer
57%
loc'
57%
pétard
57%
p'tit
57%
vie
57%
dans
54%
elle
54%
envoie
54%
veut
54%
comme
52%
cotes
52%
homme
52%
rap
52%
une
52%
voler
52%
ange
50%
au
50%
l'Europe
50%
menera
50%
rocher
50%
84
48%
rock
48%
sur
48%
timp'
48%
visser
48%
aura
46%
on
46%
rien
46%
city
43%
j'fais
43%
l'p'tit
43%
mal
43%
mettra
43%
rêve
43%
batard
41%
ça
41%
c'que
41%
mes
41%
pas
41%
que
41%
tourné
41%
c'est
39%
coke
39%
d'famille
39%
Dounia
39%
ou
39%
pete
39%
d'une
37%
guette
37%
l'avalanche
37%
j'ai
35%
meurtre
35%
nos
35%
piste
35%
se
35%
tout
35%
apres
33%
folle
33%
ils
33%
mon
33%
pensées
33%
reste
33%
sont
33%
t'es
33%
voix
33%
frappe
30%
l'affut
30%
parle
30%
perdu
30%
tête
30%
toujours
30%
balance
28%
bonne
28%
car
28%
ducoup
28%
grace
28%
grâce
28%
jober
28%
kalash
28%
mélodies
28%
meme
28%
noie
28%
parti
28%
si
28%
tellement
28%
tombé
28%
balafres
26%
crocs
26%
frérot
26%
ganache
26%
ici
26%
l'audi
26%
l'kidnapping
26%
love
26%
maladie
26%
noires
26%
phalanges
26%
savent
26%
tu
26%
deja
24%
equipe
24%
faut
24%
khalass
24%
l'alcool
24%
l'autre
24%
l'monde
24%
mamma mia
24%
percer
24%
qu'il
24%
role
24%
fait
22%
panache
22%
partout
22%
t'as
22%
d'la
20%
dla
20%
papa
20%
t'inquiete
20%
viré
20%
balles
17%
belle
17%
d'l'équipe
17%
SMECTA
17%
super
17%
femme
15%
lui
15%
phase
15%
rale
15%
street
15%
terminale
15%
ton
15%
donné
13%
heros
13%
hmaq
13%
jour
13%
j'suis
13%
l'pera
13%
qu'j'trouve
13%
crois
11%
mais
11%
wesh
11%
jonquera
9%
l'collègue
9%
s'achete
9%
s'paye
9%
t'attends
9%
cancer
7%
cette
7%
conne
7%
endroits
7%
l'con
7%
mache
7%
mentale
7%
meuda
7%
peches
7%
t'acheve
7%
t'petent
7%
vois
7%
j'me
4%
juste
4%
l'amour
4%
l'boulevard
4%
l'paieras
4%
l'quartier
4%
n'inverse
4%
avant
2%
cartier
2%
cheikh
2%
montres
2%
Poutine
2%
trainant
2%
corps
0%
d'l'argent
0%
d'partir
0%
faire
0%
glacés
0%
Gorbatchev
0%
l'ennui
0%
manoirs
0%
placé
0%
pourrait
0%
qu'est-ce
0%
trois
0%
vequi
0%
Aucun quiz correspondant
Distribution des résultats
% des personnes avec chaque résultat
Percentile par nombre de réponses
Votre historique - résultats
Vous n’avez pas pris ce quiz